| 000 | 00550nam a2200205Ia 4500 | ||
|---|---|---|---|
| 005 | 20250508162434.0 | ||
| 008 | 008 250505s9999 xx 000 0 eng d | ||
| 020 | _a0-631-19120-8 | ||
| 037 | _aTextual | ||
| 040 |
_aFEDL _beng _cFEDL |
||
| 041 |
_aeng _2eng |
||
| 084 |
_a338.9, HOL _qFEDL |
||
| 100 |
_aHolland Stuart Ed. _9773158 |
||
| 245 | 0 | _aBeyond capitalist planning | |
| 260 |
_aOxford _bBasil Blackwell _c1978 |
||
| 300 | _avii,222p | ||
| 650 | _aEconomics | ||
| 942 |
_cTEXL _h338.9, HOL |
||
| 999 |
_c1376550 _d1376550 |
||